[Event "AUTO-MASTER-665"]
[Site "http://www.queenalice.com/game.php?id=494413"]
[Date "2008.11.17"]
[Round "1"]
[White "Inaki"]
[Black "mowliid12"]
[Result "1-0"]
[WhiteElo "2063"]
[BlackElo "2032"]

1. e4 e5 2. Nf3 Nc6 3. d4 exd4 4. Nxd4 Qh4 5. Nc3 Bb4 6. Be2 Qxe4 7. Nb5 Ba5 8.
O-O Qg6 9. Bd3 Qf6 10. Nd5 Qd8 11. b4 Bb6 12. Re1+ Nge7 13. Bb2 O-O 14. Nxe7+
Nxe7 15. h4 Ng6 16. h5 Nh8 17. Qg4 f6 18. Nd4 Bxd4 19. Bxd4 d5 20. Qg3 Nf7 21.
Re3 Ng5 22. Rae1 Bd7 23. h6 c6 24. Re7 Re8 25. Rxg7+ Kh8 26. Rxe8+ Bxe8 27. Qxg5
fxg5 28. Rxg5+ 1-0

[Event "AUTO-MASTER-665"]
[Site "http://www.queenalice.com/game.php?id=494414"]
[Date "2008.11.17"]
[Round "1"]
[White "mowliid12"]
[Black "Inaki"]
[Result "0-1"]
[WhiteElo "2054"]
[BlackElo "2047"]

1. d4 Nf6 2. c4 g6 3. Nc3 Bg7 4. e4 d6 5. h3 O-O 6. Bd3 e5 7. d5 a5 8. Nge2 Na6
9. a3 Nc5 10. Bc2 a4 11. O-O Nh5 12. Be3 b6 13. Nxa4 f5 14. Nxc5 bxc5 15. f4
exf4 16. Nxf4 Nxf4 17. Bxf4 Bxb2 18. Rb1 Bd4+ 19. Kh2 fxe4 20. Bc1 Bf5 21. Qe2
Qh4 22. Qe1 Be5+ 23. Kh1 Bg3 24. Qe2 Bxh3 25. Rxf8+ Rxf8 26. gxh3 Qxh3+ 27. Kg1
Rf1+ 28. Qxf1 Qh2# 0-1

[Event "AUTO-MASTER-670"]
[Site "http://www.queenalice.com/game.php?id=497107"]
[Date "2008.11.23"]
[Round "1"]
[White "vininb"]
[Black "Inaki"]
[Result "1-0"]
[WhiteElo "1904"]
[BlackElo "2070"]

1. e4 c6 2. d4 d5 3. Nc3 dxe4 4. Nxe4 Bf5 5. Ng3 Bg6 6. h4 h6 7. Nh3 Nf6 8. Nf4
Bh7 9. Bc4 e6 10. O-O Nbd7 11. Re1 Be7 12. Be3 O-O 13. Bd3 Bxd3 14. Qxd3 Nd5 15.
Nxd5 exd5 16. Qe2 Bxh4 17. Qg4 Bxg3 18. Qxg3 Qf6 19. Bf4 Qg6 20. Re7 Qxg3 21.
Bxg3 Nf6 22. Rxb7 Ne4 23. Bf4 Rfe8 24. Rc7 Re6 25. f3 Nf6 26. Kf2 Rae8 27. Be5
R8e7 28. Rxe7 Rxe7 29. Bxf6 gxf6 30. Rh1 Kg7 31. Re1 Re6 32. Re3 Kg6 33. Ra3 Re7
34. Rc3 Rb7 35. b3 Rb4 36. Ke3 Rb6 37. Kf4 h5 38. Re3 Rb4 39. c3 Rb6 40. Re2 a5
41. g4 hxg4 42. Kxg4 a4 43. b4 Rb7 44. Kf4 Rb8 45. Rg2+ Kh5 46. Kf5 Kh4 47. Kxf6
Kh3 48. Rg5 Re8 49. Re5 1-0

[Event "AUTO-MASTER-670"]
[Site "http://www.queenalice.com/game.php?id=497108"]
[Date "2008.11.23"]
[Round "1"]
[White "Inaki"]
[Black "vininb"]
[Result "1-0"]
[WhiteElo "2046"]
[BlackElo "1890"]

1. e4 e5 2. Nf3 Nc6 3. d4 d6 4. Bb5 Bd7 5. O-O Nxd4 6. Bxd7+ Qxd7 7. Nxd4 exd4
8. Qxd4 a6 9. c4 O-O-O 10. Nc3 Kb8 11. Be3 c5 12. Qd2 g6 13. Rfd1 Bg7 14. Bxc5
Nf6 15. Qxd6+ Qxd6 16. Bxd6+ Kc8 17. f3 Nh5 18. Bg3 Nxg3 19. hxg3 Rd4 20. Rxd4
Bxd4+ 21. Kf1 Rd8 22. Rd1 Bxc3 23. Rxd8+ Kxd8 24. bxc3 Kc7 25. Ke2 Kc6 26. Kd3
Kc5 27. a4 h5 28. f4 b6 29. e5 b5 30. cxb5 axb5 31. axb5 Kxb5 32. Kd4 1-0

[Event "AUTO-MASTER-670"]
[Site "http://www.queenalice.com/game.php?id=497123"]
[Date "2008.11.23"]
[Round "1"]
[White "Pato"]
[Black "Inaki"]
[Result "1-0"]
[WhiteElo "2121"]
[BlackElo "2075"]

1. Nh3 d5 2. Na3 e5 3. e3 Bxa3 4. bxa3 Bxh3 5. gxh3 Nd7 6. Rb1 Rb8 7. Bg2 Ngf6
8. c4 Nb6 9. cxd5 Nbxd5 10. Qa4+ c6 11. Qxa7 O-O 12. Rxb7 Ra8 13. Qc5 Re8 14.
O-O Re6 15. d4 Nd7 16. Qc2 Rg6 17. Kh1 Qg5 18. Rg1 N7f6 19. f4 exf4 20. exf4
Nxf4 21. Qxc6 N6d5 22. Qxd5 Nxd5 23. Bxg5 Rxg5 24. Bxd5 Rxd5 25. Rgb1 g6 26.
Rb8+ Rxb8 27. Rxb8+ Kg7 28. Rb4 Kf6 29. Kg2 Ke6 30. Kf3 Rh5 31. Kg3 Rd5 32. a4
Ra5 33. h4 Rh5 34. Rb5 1-0

[Event "AUTO-MASTER-670"]
[Site "http://www.queenalice.com/game.php?id=497124"]
[Date "2008.11.23"]
[Round "1"]
[White "Inaki"]
[Black "Pato"]
[Result "1-0"]
[WhiteElo "2057"]
[BlackElo "2112"]

1. e4 Nc6 2. d4 e5 3. Nf3 exd4 4. Nxd4 Nf6 5. Nxc6 bxc6 6. e5 Nd5 7. c4 Nb6 8.
b3 d5 9. Nd2 Bb4 10. a3 Bxd2+ 11. Qxd2 O-O 12. Bb2 Be6 13. c5 Nd7 14. b4 a5 15.
Be2 axb4 16. axb4 Rxa1+ 17. Bxa1 Qh4 18. O-O Rb8 19. f4 g6 20. Qc3 Nf8 21. g3
Qe7 22. g4 Rd8 23. Qd4 Qh4 24. Qd1 d4 25. f5 d3 26. fxe6 dxe2 27. exf7+ Kg7 28.
e6+ Kh6 29. Qxe2 1-0

[Event "AUTO-MASTER-670"]
[Site "http://www.queenalice.com/game.php?id=497133"]
[Date "2008.11.23"]
[Round "1"]
[White "Escila"]
[Black "Inaki"]
[Result "0-1"]
[WhiteElo "2109"]
[BlackElo "2117"]

1. e4 c6 2. Nc3 d5 3. d4 dxe4 4. Nxe4 Bf5 5. Bd3 e6 6. g4 Bg6 7. h4 Qxd4 8. Nf3
Qd8 9. Bf4 Bxe4 10. Bxe4 Qxd1+ 11. Rxd1 Nf6 12. Ng5 Nxe4 13. Nxe4 Nd7 14. Nd6+
Bxd6 15. Rxd6 O-O-O 16. Ke2 Nf6 17. f3 Rxd6 18. Bxd6 Nd5 19. c4 Rd8 20. c5 b5
21. g5 Rg8 22. Rg1 a5 23. f4 Kd7 24. h5 g6 25. hxg6 fxg6 26. Rh1 Rg7 27. Rh3 Rf7
28. Kf3 Nxf4 29. Bxf4 e5 30. Ke4 exf4 31. Rd3+ Kc7 32. Kf3 Rf5 33. Rd4 Rxg5 34.
Rxf4 Rf5 35. Rxf5 gxf5 36. Kf4 Kd7 37. Kxf5 h5 38. Kg5 Ke6 39. Kxh5 Kd5 40. Kg5
Kxc5 41. Kf5 Kd4 42. Ke6 c5 0-1

[Event "AUTO-MASTER-670"]
[Site "http://www.queenalice.com/game.php?id=497134"]
[Date "2008.11.23"]
[Round "1"]
[White "Inaki"]
[Black "Escila"]
[Result "1-0"]
[WhiteElo "2078"]
[BlackElo "2015"]

1. e4 c5 2. c3 Nc6 3. d4 cxd4 4. cxd4 Qb6 5. Nf3 g6 6. d5 Qb4+ 7. Nc3 Nd8 8. Be2
Nf6 9. Qc2 Bg7 10. O-O Qa5 11. Bg5 d6 12. e5 dxe5 13. Bxf6 Bxf6 14. Bb5+ Bd7 15.
Bxd7+ Kxd7 16. Rfe1 e4 17. Nxe4 Qb6 18. Qa4+ Kc8 19. Nxf6 exf6 20. Re7 Qxb2 21.
Qd7+ 1-0

[Event "2^ International Team Cup"]
[Site "http://www.queenalice.com/game.php?id=503395"]
[Date "2008.12.5"]
[Round "-"]
[White "Inaki"]
[Black "Rutty"]
[Result "1-0"]
[WhiteElo "2061"]
[BlackElo "2051"]

1. e4 e5 2. Nf3 Nc6 3. d4 exd4 4. Nxd4 Bc5 5. Nxc6 bxc6 6. Bd3 d5 7. O-O Be6 8.
Nd2 Ne7 9. Kh1 O-O 10. f4 f6 11. Qh5 Bf7 12. Qh3 Qc8 13. f5 Bd4 14. Nf3 Be5 15.
Nxe5 fxe5 16. Qg3 dxe4 17. Bxe4 Qa6 18. Bh6 Bg6 19. Qxe5 gxh6 20. Bd3 Qc8 21.
fxg6 Rxf1+ 22. Rxf1 1-0

[Event "International Cup"]
[Site "http://www.queenalice.com/game.php?id=503447"]
[Date "2008.12.5"]
[Round "-"]
[White "decimator"]
[Black "Inaki"]
[Result "1-0"]
[WhiteElo "2216"]
[BlackElo "2077"]

1. d4 Nf6 2. c4 g6 3. Nc3 Bg7 4. Nf3 O-O 5. Bg5 d6 6. e3 Nbd7 7. Be2 c6 8. O-O
e5 9. Qd2 Qc7 10. e4 b6 11. d5 Nc5 12. Bxf6 Bxf6 13. Rfd1 Bg7 14. b4 Nb7 15.
dxc6 Qxc6 16. Nd5 Re8 17. a4 Be6 18. c5 bxc5 19. Bb5 1-0

[Event "QA-ANNIV-04"]
[Site "http://www.queenalice.com/game.php?id=514329"]
[Date "2008.12.29"]
[Round "4"]
[White "TecmoTim"]
[Black "Inaki"]
[Result "1/2-1/2"]
[WhiteElo "2188"]
[BlackElo "2072"]

1. d4 Nf6 2. Bg5 e6 3. Nf3 Be7 4. Nbd2 O-O 5. e3 c5 6. c3 Nc6 7. Bd3 b6 8. O-O
Bb7 9. Re1 d5 10. Ne5 Nxe5 11. dxe5 Nd7 12. Bxe7 Qxe7 13. f4 f5 14. Qh5 Qf7 15.
Qh4 Rfe8 16. Nf3 Qg6 17. Qh3 Rad8 18. Rad1 Nb8 19. Bb5 Bc6 20. Bxc6 Nxc6 21. Rd2
c4 22. g3 b5 23. Rg2 Qg4 24. Qxg4 fxg4 25. Nd4 Nxd4 26. exd4 g6 27. h3 gxh3 28.
Rh2 Rd7 29. Rxh3 Rf8 30. Kf2 Rf5 31. Ke3 Rdf7 32. Rf1 g5 33. Rh6 gxf4+ 34. gxf4
Re7 35. Rg1+ Kf8 36. Rg5 Rxg5 37. fxg5 Ke8 38. Kf4 Kd7 39. g6 hxg6 40. Rxg6 a5
41. a3 Rf7+ 42. Ke3 Ke7 43. Rg8 Rf8 44. Rxf8 1/2-1/2

[Event "Challenge"]
[Site "http://www.queenalice.com/game.php?id=518934"]
[Date "2009.1.8"]
[Round "-"]
[White "mowliid12"]
[Black "Inaki"]
[Result "0-1"]
[WhiteElo "2111"]
[BlackElo "2077"]

1. e4 c6 2. d4 d5 3. Bd3 dxe4 4. Bxe4 Nf6 5. Bd3 Qxd4 6. Nf3 Qd8 7. O-O Bg4 8.
h3 Bxf3 9. Qxf3 e6 10. Bg5 Be7 11. Nc3 O-O 12. Rad1 Qc7 13. Ne4 Nbd7 14. Nxf6+
Nxf6 15. Bd2 Rfe8 16. Bc3 Rad8 17. g4 e5 18. g5 e4 19. Bxe4 Nxe4 20. Qxe4 Bxg5
21. Qg4 Qf4 22. Qxf4 Bxf4 23. Kg2 Bc7 24. Rfe1 Re6 25. Rxd8+ Bxd8 26. Rd1 Bb6
27. Rd7 h6 28. Rxb7 Re2 29. a4 Rxf2+ 30. Kg3 Rxc2 31. a5 Bc5 32. h4 Re2 33. Kg4
Re7 34. a6 Re4+ 35. Kg3 Ra4 36. b4 Bb6 37. Kg4 c5 38. Kf5 cxb4 39. Bb2 Rxa6 40.
Rb8+ Kh7 41. Rb7 Ra5+ 42. Kg4 Kg6 43. Rd7 Rb5 44. h5+ Rxh5 45. Rd6+ f6 46. Bc1
b3 47. Bb2 Rh2 0-1

[Event "Challenge"]
[Site "http://www.queenalice.com/game.php?id=518935"]
[Date "2009.1.8"]
[Round "-"]
[White "Inaki"]
[Black "mowliid12"]
[Result "0-1"]
[WhiteElo "2091"]
[BlackElo "2019"]

1. e4 e5 2. Nf3 Nf6 3. Nxe5 d6 4. Nf3 Nxe4 5. Nc3 Nxc3 6. dxc3 Be7 7. Bf4 O-O 8.
Bd3 Bf6 9. Qd2 Re8+ 10. Be3 Nc6 11. O-O-O Be6 12. Kb1 a6 13. Nd4 Nxd4 14. cxd4
c5 15. d5 Bd7 16. h3 b5 17. c3 b4 18. c4 a5 19. h4 a4 20. Rdg1 a3 21. b3 Qe7 22.
Bg5 Qe5 23. Bf4 Qa1+ 24. Kc2 Qxa2+ 0-1

[Event "AUTO-MASTER-665"]
[Site "http://www.queenalice.com/game.php?id=526058"]
[Date "2009.1.20"]
[Round "2"]
[White "Alexandrovinsk"]
[Black "Inaki"]
[Result "0-1"]
[WhiteElo "2051"]
[BlackElo "2094"]

1. Nf3 Nf6 2. c4 g6 3. g3 Bg7 4. Bg2 O-O 5. O-O d6 6. d4 Nc6 7. Nc3 e5 8. e4 Bg4
9. d5 Ne7 10. h3 Bc8 11. Nh2 Nh5 12. Bf3 Bxh3 13. Re1 Nf6 14. Bg5 h6 15. Be3 Kh7
16. Bg4 Nxg4 17. Nxg4 Qd7 18. Nh2 f5 19. Qd2 f4 20. gxf4 exf4 21. Bxf4 g5 22.
Bg3 Ng6 23. e5 Bxe5 24. Qd3 Bxg3 25. fxg3 Kg7 26. Ne4 Bf5 27. Qd4+ Ne5 28. Nf3
Rae8 29. Nh2 Kg6 30. Nc3 a6 31. Rad1 Bg4 32. Nxg4 Nf3+ 0-1

[Event "AUTO-MASTER-665"]
[Site "http://www.queenalice.com/game.php?id=526059"]
[Date "2009.1.20"]
[Round "2"]
[White "Inaki"]
[Black "Alexandrovinsk"]
[Result "1-0"]
[WhiteElo "2106"]
[BlackElo "2060"]

1. e4 c5 2. c3 d5 3. exd5 Qxd5 4. d4 Nf6 5. Nf3 Bg4 6. Be2 e6 7. O-O cxd4 8.
Nxd4 Bxe2 9. Qxe2 Be7 10. Nd2 O-O 11. N2f3 Nbd7 12. Bf4 a6 13. h3 Rfe8 14. c4
Qh5 15. Rfe1 Bc5 16. Rad1 Rad8 17. Nc2 Bb6 18. b4 e5 19. Nxe5 Qxe2 20. Rxe2 Nxe5
21. Rxd8 Bxd8 22. Rxe5 Rxe5 23. Bxe5 Ne4 24. f3 Ng5 25. Nd4 f6 26. Bg3 Kf7 27.
Kf2 a5 28. b5 Ne6 29. Nxe6 Kxe6 30. Ke2 Be7 31. Bf2 Ke5 32. a4 g6 33. Kd3 f5 34.
Bb6 Bb4 35. Bc7+ Kf6 36. Kd4 Ke6 37. c5 Kd7 38. Bb6 Be1 39. Kd5 Bb4 40. c6+
bxc6+ 41. bxc6+ Ke7 42. Kc4 Be1 43. Bc7 Bb4 44. Kb5 Ke6 45. Bxa5 1-0

[Event "Challenge"]
[Site "http://www.queenalice.com/game.php?id=554723"]
[Date "2009.3.12"]
[Round "-"]
[White "aeciocoracaodepedra"]
[Black "Inaki"]
[Result "0-1"]
[WhiteElo "1367"]
[BlackElo "2128"]

1. e4 c6 2. Nc3 d5 3. d4 dxe4 4. Nxe4 Bf5 5. Ng3 Bg6 6. Nf3 Nf6 7. Be2 e6 8. O-O
Nbd7 9. Be3 Be7 10. Qe1 O-O 11. Ne5 Bxc2 12. Rc1 Bg6 13. Nxg6 hxg6 14. Qd2 Nd5
15. Ne4 N7f6 16. Nxf6+ Bxf6 17. Qd1 Bg5 18. Bxg5 Qxg5 19. Rc3 Nxc3 20. Qd3 Nxe2+
0-1

[Event "AUTO-MASTER-665"]
[Site "http://www.queenalice.com/game.php?id=557538"]
[Date "2009.3.17"]
[Round "3"]
[White "KlingonWarrior"]
[Black "Inaki"]
[Result "1-0"]
[WhiteElo "2414"]
[BlackElo "2129"]

1. e4 c6 2. d4 d5 3. exd5 cxd5 4. c4 Nf6 5. Nc3 e6 6. c5 Nc6 7. Nf3 Be7 8. Qc2
O-O 9. a3 Nxd4 10. Nxd4 e5 11. Nb3 d4 12. Ne4 Nxe4 13. Qxe4 f5 14. Bc4+ Kh8 15.
Qxe5 1-0

[Event "AUTO-MASTER-665"]
[Site "http://www.queenalice.com/game.php?id=557539"]
[Date "2009.3.17"]
[Round "3"]
[White "Inaki"]
[Black "KlingonWarrior"]
[Result "0-1"]
[WhiteElo "2126"]
[BlackElo "2412"]

1. e4 c5 2. c3 d6 3. d4 Nf6 4. Bd3 Nbd7 5. Nf3 Qc7 6. O-O e6 7. Re1 Be7 8. e5
Nd5 9. Bc4 O-O 10. Nbd2 cxd4 11. cxd4 dxe5 12. b3 Nb4 13. a3 b5 0-1

[Event "QA-ANNIV-04"]
[Site "http://www.queenalice.com/game.php?id=578102"]
[Date "2009.4.26"]
[Round "5"]
[White "Inaki"]
[Black "Brandon"]
[Result "0-1"]
[WhiteElo "2129"]
[BlackElo "2487"]

1. e4 e5 2. Nf3 Nf6 3. Nxe5 d6 4. Nf3 Nxe4 5. Nc3 Nxc3 6. dxc3 Be7 7. Bf4 Nc6 8.
Bc4 O-O 9. Qd2 Be6 10. Bxe6 fxe6 11. c4 Qe8 12. O-O Qg6 13. Bg3 h5 14. h4 Rxf3
15. gxf3 Ne5 0-1